[Event "World Women-ch"]
[Site "Tirana"]
[Date "2011.11.23"]
[Round "7"]
[White "Hou, Yifan"]
[Black "Koneru, Humpy"]
[Result "1-0"]
[WhiteElo "2578"]
[BlackElo "2600"]
[Annotator "Ramirez Alvarez,A"]
[PlyCount "193"]
[EventDate "2011.11.14"]
[EventType "match"]
[EventRounds "10"]
[EventCountry "ALB"]
[SourceTitle "CBM 146"]
[Source "ChessBase"]
[SourceDate "2012.01.18"]
[SourceVersion "1"]
[SourceVersionDate "2012.01.18"]
[SourceQuality "1"]

1. e4 e5 2. Nf3 Nc6 3. Bb5 a6 4. Ba4 Nf6 5. O-O Be7 6. Re1 b5 7. Bb3 d6 8. c3
O-O 9. h3 Qd7 {In one of the tabiyas of chess: Humpy decides to try something
different. This move isn't bad, it's just quite strange. It's not new either,
but I don't see any recent GM examples with it. It has the potential to
transpose to a rare but somewhat tried line if she plays Bb7 soon, but she
postpones it for a few moves. Black might just be trying to get out of theory
quickly to try to complicate the issue, as a win for Black seems necessary in
this match situation.} 10. d4 Re8 11. Nbd2 Bf8 12. a3 {I actually quite like
this decision. White protects her bishop on the a2-g8 diagonal now that it
can't be challenged by a bishop on e6. Further, she safeguards herself on the
queenside and keeps her options open.} (12. a4 {was also good.}) 12... Bb7 {
[%eval 43,0]} 13. d5 {[%eval 24,0]} (13. Ba2 {by transposition would have been
Karjakin-Sokolov, 2010}) 13... Ne7 {[%eval 5,0]} 14. Nf1 {[%eval 2,0]} Ng6 {
[%eval 7,0]} 15. N3h2 {[%eval 15,0] This kind of knight dance is typical for
the close structure of the Ruy Lopez. Trading Ns on g4 can prove to be
unfavorable for Black, as the opening of the h-file should not be
underestimated.} c6 {[%eval 16,0]} 16. Bg5 {[%eval 18,0]} Be7 {[%eval 19,0]}
17. dxc6 {[%eval 19,0]} Bxc6 {[%eval 16,0]} 18. Ng3 {[%eval 14,0]} Nf4 {
[%eval 17,0]} 19. Bxf6 $1 {[%eval 17,0]} Bxf6 {[%eval 16,0]} 20. Nh5 {[%eval
17,0] The pair of bishops hold no power, and especially the bishop on f6
cannot help the defense of key squares like f5 and h5.} Qe7 {[%eval 22,0]} 21.
Qf3 {[%eval 30,0]} Bg5 {[%eval 37,0]} 22. Rad1 {[%eval 24,0]} Ne6 {[%eval 10,0]
} 23. Ng4 {[%eval 6,0]} Rf8 {[%eval 6,0]} 24. Ne3 {[%eval 13,0]} Bxe3 {[%eval
12,0] Almost forced - Black has to regain some light-square control.} 25. Qxe3
{[%eval 11,0]} (25. Rxe3 {was also interesting, but allows 25... f5!? Yifan
will have none of that.}) 25... Rad8 {[%eval 19,0]} 26. Ng3 {[%eval 28,0]} g6 {
[%eval 26,0]} 27. Rd2 {[%eval 25,0]} h5 {[%eval 40,0]} 28. Qh6 {[%eval 44,0]
Black has simply not found the counterplay she was hoping for when she went
for this odd line of the Ruy Lopez. Hou holds a slight but undisputed
advantage and Black can't do much more than watch. If White wants to trade
pieces, Black will have little choice.} Nf4 {[%eval 32,0]} 29. Ne2 {[%eval 27,
0]} Qf6 $6 {[%eval 54,0]} (29... Ne6 30. Ng3 {would have forced Black into
giving White a stable advantage or repeating moves, something I'm sure Yifan
would have been quite happy with.}) 30. Nxf4 {[%eval 91,0]} exf4 {[%eval 110,0]
} 31. Rd3 $1 {[%eval 120,0] The pawn on f4 is too difficult to defend. Black
gets some slight piece activity but nowhere near a pawn's worth.} Rfe8 {
[%eval 107,0]} 32. Rf3 {[%eval 89,0]} Rd7 {[%eval 88,0]} 33. Rxf4 {[%eval 93,0]
} Qg7 {[%eval 111,0]} 34. Qg5 {[%eval 125,0]} Re5 {[%eval 112,0]} 35. Qg3 {
[%eval 102, 0]} Rde7 {[%eval 93,0]} 36. Rd1 {[%eval 102,0]} g5 {[%eval 125,0]
Not match desperation, simply positional desperation. There was little else to
do in this position.} 37. Rf5 {[%eval 116,0]} Bxe4 {[%eval 105,0]} 38. Rxe5 {
[%eval 104,0]} Qxe5 {[%eval 126,0]} 39. Rxd6 {[%eval 130,0]} Qxg3 {[%eval 116,
0]} 40. fxg3 {[%eval 108,0] This endgame is far from hopeless. Actually Black
has many defensive resources: g2 is weak, she has a fair amount of activity
and overall things are not all that bad, despite the pawn deficit. However,
winning this endgame is an impossible fantasy, and in a situation where you
desperately need a win there isn't anything harder psychologically than to
grovel for a draw.} Bb7 $2 $18 {[%eval 156,0]} (40... a5 {was a better try} 41.
Rb6 $6 a4 42. Ba2 Bd3 {is ok for Black.}) 41. Kf2 $6 $16 {[%eval 160,0]} Kg7 $2
$18 {[%eval 171,0]} 42. Bd1 {[%eval 246,0]} h4 $2 $16 {[%eval 186,0]} 43. gxh4
{[%eval 198,0]} gxh4 {[%eval 199,0]} 44. Rd4 {[%eval 191,0]} Be4 {[%eval 258,0]
} 45. Bf3 {[%eval 284,0]} Bxf3 {[%eval 289,0]} 46. Kxf3 {[%eval 195,0]} Re1 {
[%eval 141,0]} 47. Rxh4 $6 $18 {[%eval 213,0] Now it's two pawns...} Rb1 $2 $16
{[%eval 204,0]} 48. Rb4 {[%eval 146,0]} Kf6 $2 $18 {[%eval 229,0]} 49. Ke3 {
[%eval 287,0]} Ke5 $2 $16 {[%eval 204,0]} 50. Re4+ {[%eval 184,0]} Kd5 $2 $18 {
[%eval 289,0]} 51. Rd4+ {[%eval 243,0]} Ke5 {[%eval 138,0]} 52. Rd2 {[%eval
129,0]} f5 {[%eval 195,0]} 53. Kd3 {[%eval 256,0]} Kf4 {[%eval 192,0]} 54. Rf2+
{[%eval 205,0]} Kg3 $6 $18 {[%eval 205,0]} 55. Rxf5 {[%eval 160,0]} Rxb2 {
[%eval 162,0]} 56. Rg5+ {[%eval 242,0]} Kh4 {[%eval 271,0]} 57. Rg6 $2 $18 {
[%eval 280,0]} a5 {[%eval 347,0]} 58. Rg4+ $2 $16 {[%eval 226,0]} Kh5 {[%eval
252,0]} 59. Re4 {[%eval 343,0]} (59. a4 bxa4 60. Rxa4 Rxg2 61. Rxa5+ Kg6 62.
Re5 {is a win even without the h3 pawn.}) 59... Kg6 {[%eval 329,0]} 60. Re2 $2
$16 {[%eval 243,0]} Rb3 $2 $18 {[%eval 198,0]} 61. Ra2 {[%eval 292,0]} b4 {
[%eval 299,0]} 62. axb4 {[%eval 292,0]} axb4 {[%eval 396,0]} 63. Rc2 {[%eval
403,0]} Ra3 {[%eval 265,0]} 64. Kd4 $6 $16 {[%eval 171,0]} bxc3 {[%eval 130,0]}
65. Rxc3 {[%eval 224,0] This endgame is hopeless for Black. White just has to
rearrange her pieces in such a way that they support the pawns. Black can't
prevent this.} Ra2 {[%eval 360,0]} 66. Rg3+ {[%eval 334,0]} Kh5 {[%eval 278,0]}
67. Ke3 {[%eval 348,0]} Ra3+ $2 $16 {[%eval 257,0]} 68. Kf2 {[%eval 216,0]}
Ra2+ {[%eval 227,0]} 69. Kg1 {[%eval 160,0]} Ra1+ $2 $18 {[%eval 292,0]} 70.
Kh2 $1 {[%eval 279,0]} Ra2 {[%eval 171,0]} 71. Rd3 {[%eval 189,0]} Ra5 $4 $18 {
[%eval 329,0]} 72. Rd4 {[%eval 410,0]} Rb5 $2 $18 {[%eval 4648,0]} 73. h4 {
[%eval 4720,0]} Rb3 $2 $18 {[%eval 382,0]} 74. g3 {[%eval 270,0]} Rb1 {[%eval
264,0]} 75. Kh3 $2 $18 {[%eval 392,0]} Rh1+ {[%eval 501,0]} 76. Kg2 {[%eval
373,0]} Ra1 $2 $18 {[%eval 404,0]} 77. Rd5+ {[%eval 423,0]} Kh6 {[%eval 452,0]}
78. Kh3 {[%eval 552,0]} Ra3 {[%eval 622,0] All White has to do is rinse and
repeat, push the h-pawn, prepare to push the g-pawn. Nothing Black can do
about it.} 79. Re5 {[%eval 497,0]} Ra4 $2 $18 {[%eval 436,0]} 80. Re3 {[%eval
443,0]} Ra6 $2 $18 {[%eval 701,0]} 81. g4 {[%eval 805,0]} Ra1 {[%eval 254,0]}
82. Re6+ {[%eval 167,0]} Kg7 {[%eval 5576,0]} 83. h5 {[%eval 5719,0]} Rh1+ {
[%eval 470,0]} 84. Kg3 $2 $18 {[%eval 474,0]} Rf1 85. Kh4 Rf7 86. Kg5 Kh7 {
[%eval 1033,0]} 87. h6 {[%eval 1027,0]} Ra7 {[%eval 961,0]} 88. Kh5 {[%eval
996,0]} Rb7 89. g5 Rb5 {[%eval 1143,0]} 90. Re7+ {[%eval 1208,0]} Kg8 {[%eval
603,0]} 91. Kg6 {[%eval 626,0]} Rb6+ {[%eval 1324,0]} 92. Kf5 {[%eval 732,0]}
Rb5+ {[%eval 21,0]} 93. Kf6 {[%eval 10,0]} Rb6+ {[%eval 10,0]} 94. Re6 {
[%eval 9,0]} Rb8 {[%eval 8,0]} 95. g6 {[%eval 9,0]} Kh8 {[%eval 9,0]} 96. Re5 {
[%eval 7,0]} Ra8 {[%eval 7,0]} 97. Kg5 {It's possible that Humpy didn't have
to play the last 40 moves or so, but it's very difficult to admit defeat as it
is almost certain that Yifan will be able to hold at least one draw in the
next three games, giving her the Championship. Another clean effort by the
Chinese player who played good, logical chess.} 1-0

[Event "SCO-ch"]
[Site "Edinburgh"]
[Date "1999.07.24"]
[Round "9"]
[White "Orr, Mark JL"]
[Black "Rowson, Jonathan"]
[Result "1/2-1/2"]
[WhiteElo "2350"]
[BlackElo "2490"]
[Annotator "Rowson,J"]
[PlyCount "27"]
[EventDate "1999.07.16"]
[EventType "swiss"]
[EventRounds "9"]
[EventCountry "SCO"]
[SourceTitle "CBM 071 Extra"]
[Source "ChessBase"]
[SourceDate "1999.09.14"]
[SourceVersion "1"]
[SourceVersionDate "1999.09.14"]
[SourceQuality "1"]

1. e4 e5 2. Nf3 Nc6 3. Bb5 a6 4. Ba4 Nf6 5. O-O Be7 6. Re1 b5 7. Bb3 d6 8. c3
O-O 9. h3 Bb7 10. d4 Re8 11. Ng5 Rf8 ({In the heat of the moment, and
anticipation of what was to follow, I almost played} 11... Bf8 $4 {I wonder if}
12. Nf3 Be7 13. Ng5 Bf8 14. Nf3 {would have followed?}) 12. Nf3 Re8 13. Ng5 Rf8
14. Nf3 {A rather subdued way to make the GM title, but I make no apologies!}
1/2-1/2

[Event "EU-chT (Men) 21st"]
[Site "Heraklion"]
[Date "2017.11.01"]
[Round "5.1"]
[White "Tari, Aryan"]
[Black "Nyback, Tomi"]
[Result "0-1"]
[WhiteElo "2578"]
[BlackElo "2572"]
[Annotator "Sadorra,J"]
[PlyCount "74"]
[EventDate "2017.10.28"]
[EventType "team-swiss"]
[EventRounds "9"]
[EventCountry "GRE"]
[SourceTitle "CBM 182"]
[Source "ChessBase"]
[SourceDate "2018.01.17"]
[SourceVersion "1"]
[SourceVersionDate "2018.01.17"]
[SourceQuality "1"]
[WhiteTeam "Norway"]
[BlackTeam "Finland"]
[WhiteTeamCountry "NOR"]
[BlackTeamCountry "FIN"]

1. e4 e5 2. Nf3 Nc6 3. Bb5 a6 4. Ba4 Nf6 5. O-O Be7 6. Re1 b5 7. Bb3 d6 8. c3
O-O 9. h3 Bb7 10. d4 Re8 11. Nbd2 Bf8 12. a3 {This is the 4th most popular
move in the Zaitsev Ruy Lopez. The main idea is to prepare a queenside
expansion with Ba2/c2 followed by b4 and later a4.} g6 ({The traditional move
here} 12... h6 {is still a good way to equalise} 13. Bc2 Nb8 14. a4 Nbd7 {
Black has a solid Breyer-type position.}) 13. Ba2 Bg7 14. b4 exd4 $5 15. cxd4
a5 {Opening up the centre followed by queenside play seems to be the modern
trend in this line.} 16. Ng5 {An aggressive move that inevitably leads to a
very complicated battle.} (16. Qb3 Qd7 17. Bb2 axb4 18. axb4 Ra4 (18... Nd8 $5
19. Qc2 Ne6 $132 {0-1 (46) Liang,A (2405)-Berczes,D (2482) Philadelphia 2016})
19. Bc3 Nh5 20. Bb1 Rxa1 21. Bxa1 Nf4 22. Bc3 d5 23. e5 {1-0 (77) Inarkiev,E 
(2723)-Oparin,G (2625) Moscow RUS 2017. The position is equal but complex, and
White was able to outplay his less experienced opponent later.  Here, Black
has different ways to continue but maybe the most logical one is to improve
the bad bishop on b7 with} Bc8 $5 {[%csl Rg2,Rh3][%cal Gf7f6]} 24. Qb2 f6 $1
25. Nf1 (25. exf6 $6 Rxe1+ 26. Nxe1 Ne2+) 25... fxe5 26. dxe5 Qf7 $11 {[%cal
Gc8f5]}) 16... d5 17. e5 {This puts Black in a critical situation as Black
will simply lose material anywhere he moves his f6-knight.} Nxd4 $1 $146 {
Black solves the problem using tactics!} (17... Nh5 $2 18. Nb3 axb4 19. Nc5 Bc8
20. Qf3 $16 {0-1 (89) Robson,R (2675)-Tang,A (2466) chess.com INT 2017. White
has a strong attack.}) 18. Bb2 (18. exf6 Rxe1+ 19. Qxe1 Qxf6 20. Bb2 Qxg5 $17)
18... Nd7 (18... Nh5 $5 19. Nxf7 Qh4 $1 20. Re4 dxe4 21. Ng5+ (21. Bxd4 Nf4)
21... Kh8 22. Nf7+ Kg8 $11) 19. Nxf7 Kxf7 $1 {Whether or not this objectively
best, this is the way to go in such a complicated position because it is White
who has to show more accuracy being material down. It is often impossible to
see all the resources during the game and the player with the better
calculation and intuition will triumph in such positions.} ({The safer move} 
19... Qe7 {leads to a calmer and easier position to play for White.} 20. Bxd4
Qxf7 21. Nf3 $14) 20. Bxd4 Nxe5 21. Qe2 (21. Nf3 Qd6 $1 (21... Nxf3+ $4 22.
Qxf3+ Kg8 23. Rxe8+ Qxe8 24. Bxd5+ Bxd5 25. Qxd5+ $18) 22. Ng5+ Kg8 23. Ne4 Qf8
24. Nc5 Nf3+ $1 25. gxf3 Rxe1+ 26. Qxe1 Bxd4 27. Ne6 Qf6 28. Nxd4 Qxd4 29. Rd1
Qf6 $11) (21. bxa5 c6 $1 $13) 21... c6 $1 {This cool and solid move gives
Black the advantage, and probably is what White missed.} 22. Ne4 Bc8 ({Another
way to stablise the advantage is to get the king back to safety first.} 22...
Kg8 23. Nc5 Bc8 24. Nd3 Nxd3 $1 25. Qxe8+ Qxe8 26. Rxe8+ Kf7 $15) 23. Qd2 $6 (
23. Bc5 {may be a better way to give Black some problems} Kg8 24. Nd6 Re6 25.
Nxc8 Qxc8 26. bxa5 (26. f4 Nc4) 26... Qe8 (26... Re8 $1 {[%cal Ge5c4]} 27. Qd2
(27. Rac1 Nc4) 27... Rd8 28. Bb6 Rd7 29. Rad1 Nc4) 27. Bb4 Qf7 28. Rad1 Rae8 (
28... Rd8 29. Qc2) 29. Rxd5 $5 $13) 23... Bf5 24. Nc5 Nc4 $2 {This could've
cost Black almost his whole advantage if it wasn't for White's inaccuracy.} ({
A more accurate move was} 24... axb4 $1 25. axb4 Nc4 26. Rxe8 (26. Bxc4 Rxe1+
27. Rxe1 (27. Qxe1 Bxd4 28. Rxa8 Qxa8 $17) 27... dxc4 28. Bc3 Qxd2 29. Bxd2 Ra2
$19) 26... Qxe8 27. Bxc4 (27. Qd1 Bc2 $1 $17) 27... Rxa1+ 28. Bxa1 Bxa1 $17)
25. Bxc4 $2 ({Salvation lies in the forcing line:} 25. Rxe8 $1 Nxd2 (25... Qxe8
26. Bxc4 $1 {This will not be possible with the a-file opened!} bxc4 27. Bxg7
Kxg7 28. Re1 $36) 26. Rxd8 Rxd8 27. Bxg7 Kxg7 28. g4 $1 {This intermediate
move is most probably what White missed in his calculations.} (28. bxa5 Ra8)
28... Bc8 29. bxa5 $132) 25... Rxe1+ 26. Rxe1 dxc4 $19 {Black has a decisive
advantage in the form of his pair of bishops and a pawn.} 27. g4 {Trying to
create counterplay against the slightly exposed black king.} Bxd4 28. gxf5 Bxc5
$1 {Simplifying is the best and easiest way.} 29. Qh6 Bxf2+ $1 (29... Bd4 {
Still requires a bit more accuracy} 30. Qxh7+ Kf8 $1 (30... Bg7 31. Qxg6+ Kf8
32. Re6 $132) 31. fxg6 Qg5+ 32. Kf1 Ra7 $18) 30. Kxf2 Kg8 31. Re6 Qd4+ 32. Kg2
Rd8 {Now comes the winning counter-attack!} 33. fxg6 Qb2+ 34. Kf3 Rf8+ 35. Kg4
Qg2+ 36. Kh4 Qf2+ 37. Kg4 Qf3+ {Black will either mate or win a huge amount of
material, so White resigns.} 0-1

[Event "Monte Carlo FIDE GP (Women)"]
[Site "Monte Carlo"]
[Date "2015.10.13"]
[Round "9"]
[White "Hou, Yifan"]
[Black "Zhukova, Natalia"]
[Result "1-0"]
[WhiteElo "2671"]
[BlackElo "2482"]
[Annotator "Schulz,Andre"]
[PlyCount "105"]
[EventDate "2015.10.03"]
[EventType "tourn"]
[EventRounds "11"]
[EventCountry "MNC"]
[EventCategory "11"]
[SourceTitle "CBM 169"]
[Source "ChessBase"]
[SourceDate "2015.11.10"]
[SourceVersion "1"]
[SourceVersionDate "2015.11.10"]
[SourceQuality "1"]

1. e4 e5 2. Nf3 Nc6 3. Bb5 a6 4. Ba4 Nf6 5. O-O Be7 6. Re1 b5 7. Bb3 d6 8. c3
O-O 9. h3 Re8 10. d4 Bb7 11. Nbd2 Bf8 12. d5 Nb8 13. Nf1 Nbd7 14. N3h2 Nc5 15.
Bc2 c6 16. b4 Ncd7 17. dxc6 Bxc6 18. Bg5 Qc7 19. Bxf6 Nxf6 20. Ng4 Nxg4 21.
hxg4 Be7 22. Bb3 Bg5 23. Qf3 Qb7 24. Rad1 Red8 25. Rd3 a5 26. Ng3 g6 27. Red1
a4 28. Bd5 Rac8 29. Ne2 Kg7 30. g3 Qd7 31. Kg2 h6 32. Bxc6 Qxc6 33. a3 Qc4 34.
Rd5 Qb3 35. Qd3 Rb8 36. Ra1 Qb2 37. Qd1 Rdc8 38. Kf1 Rc4 39. f3 Rb6 40. Qb1
Qxb1+ 41. Rxb1 Kf8 42. Kf2 Ke7 43. f4 Bf6 44. Ke3 exf4+ 45. gxf4 {[#] Schwarz
nimmt den schwachen Bauern c3 ins Visier, aber Weiß hat einen Gegentrick
vorbereitet.} Bxc3 46. Kd3 Bf6 47. Rxb5 {Das war der Trick, Weiß gewinnt den
Bauern zurück.} Rbc6 $2 {Eine Fehlentscheidung. Jetzt ist der Turm an die
Deckung des Kollegen auf c4 gebunden. Der weiße Freibauer auf der b-Linie
nimmt nun rasch Fahrt auf und Schwarz kann nicht reagieren.} (47... Rxb5 48.
Kxc4 Rb8 49. Rd1 $14) 48. Ra5 Rc2 49. b5 Rc8 50. Ra7+ ({Noch schneller war} 50.
b6 Ra2 51. b7 Rxa3+ 52. Kd2 Ra2+ 53. Kd1 Rcc2 (53... Rb8 54. Ra8 $18) 54. Rd5
$18) 50... Ke6 51. b6 Ra2 52. f5+ Ke5 53. Ra5+ (53. Ra5+ Rc5 {Sonst wäre es
Matt.} 54. Rxc5+ dxc5 55. b7 $18) 1-0

[Event "Moscow Nutcracker-A"]
[Site "Moscow"]
[Date "2015.12.20"]
[Round "1.3"]
[White "Antipov, Mikhail Al"]
[Black "Morozevich, Alexander"]
[Result "1-0"]
[WhiteElo "2569"]
[BlackElo "2692"]
[Annotator "Schulz,Andre"]
[PlyCount "81"]
[EventDate "2015.12.20"]
[EventType "schev"]
[EventRounds "4"]
[EventCountry "RUS"]
[EventCategory "17"]
[SourceTitle "CBM 170"]
[Source "ChessBase"]
[SourceDate "2016.01.15"]
[SourceVersion "1"]
[SourceVersionDate "2016.01.15"]
[SourceQuality "1"]
[WhiteTeam "Princes"]
[BlackTeam "Kings"]
[WhiteTeamCountry "RUS"]

1. e4 e5 2. Nf3 Nc6 3. Bb5 a6 4. Ba4 Nf6 5. O-O Be7 6. Re1 b5 7. Bb3 d6 8. c3
O-O 9. h3 Re8 10. a3 {c3 und a3 sieht man eher selten.} ({Zur Saitzev-Variante
führt} 10. d4 Bb7 11. Nbd2 Bf8 12. a4) 10... Bf8 (10... d5 $5) 11. Bc2 ({
Einen Vorgänger gibt es:} 11. d4 h6 12. Nbd2 Bb7 13. Ba2 Nb8 14. Qb3 Re7 15.
Nh4 c5 16. Ng6 Rc7 17. Nxf8 Qxf8 18. Nf3 exd4 19. cxd4 Nxe4 20. dxc5 dxc5 21.
Bf4 Re7 22. Ne5 c4 23. Qc2 Nf6 24. b3 cxb3 25. Bxb3 Nbd7 26. Ng6 Rxe1+ 27. Rxe1
Qc5 28. Qd3 Nf8 29. Re5 Qb6 30. Re7 Nd5 31. Bxd5 Qxg6 32. Qxg6 Nxg6 33. Bxb7
Rd8 34. Re4 f5 35. Rb4 a5 36. Rxb5 Nxf4 37. Rxf5 Ne2+ 38. Kh2 a4 39. Bd5+ Kh8
40. Be4 Nc3 41. Bc2 Rb8 42. Ra5 g5 43. Bxa4 Rb2 44. Bc6 Rxf2 45. Rc5 Ne2 46. a4
Nd4 47. Bd5 Rb2 48. a5 Rb5 49. Rxb5 Nxb5 50. Kg3 Kg7 51. Kf3 Kf6 52. Ke4 Na7
53. Kd4 {1-0 (53) Van Kampen,R (2570)-Arvola,B (2285) London 2012}) 11... d5
12. exd5 Qxd5 13. d4 Bb7 14. Bb3 (14. Be3 $11) 14... Qd6 15. Ng5 Nd8 16. Nd2 (
16. Rxe5 Rxe5 17. dxe5 Qxe5 $15) 16... exd4 17. Rxe8 Nxe8 18. Qh5 {[#] Der
Angriff auf f7 und h7 sieht gefährlicher aus, als er ist.} Nf6 19. Nxf7 Nxf7 (
19... Nxh5 $2 20. Nxd6+ Kh8 21. Nxb7 $18) 20. Qxf7+ Kh8 21. cxd4 Qxd4 {[#]
Weiß hofft auf einen Angriff gegen den schwarzen König. Ohne den Sf6 könnte
er gleich Mattsetzten. Schwarz hat allerdings starkes Gegenspiel mit seinem
aktiven Läuferpaar.} 22. Nf3 {Leider notwendig.} (22. Nf1 Bc5 23. Be3 Qe4 $19)
22... Bxf3 23. gxf3 Bd6 ({Stärker war} 23... Bc5 24. Be3 Qxb2 25. Re1 Bxa3 26.
Bg5 Bc5 $19) 24. Be3 Qxb2 25. Rd1 {Droht Ld4.} Qxa3 $6 {Erlaubt Schwarz
Gegenspiel. Die schwarze Dame steht hier abseits.} ({Besser war} 25... Qe5 $19)
26. Bh6 Rg8 (26... gxh6 $4 27. Qxf6#) 27. Kh1 {[#] Die Drohung Tg1 ist nun
schon sehr hässlich.} Bf8 $6 ({Interessant war} 27... gxh6 {mit der Folge} 28.
Qxf6+ Rg7 29. Qd8+ ({Am besten ist} 29. Qc3 a5 30. Re1 Be7 31. Qd3 {mit der
hübschen Idee 32. Dd8 Lxd8 33. Te8 und Matt.} Bf8 32. Qxb5 $11) 29... Bf8 30.
Qe8 h5 {und irgendwie kommt Weiß nicht weiter: Der Lb3 kann nicht überall
hin ziehen wegen Df3 und Matt, auf Td8 folgt Da1 und Matt auf g1 und auf} 31.
Bd5 {folgt} Qd6 32. Qxh5 c6 33. Bb3 Qg6 $19) 28. Rg1 $6 ({Verpasst} 28. Bg5 {
was einfach Lxf6 und Matt auf g8 droht.} c5 29. Bxf6 c4 30. Be5 Qe7 (30... cxb3
$2 31. Rd8) 31. Qxe7 Bxe7 32. Bc2 $16) 28... Qe7 $2 {Danach kippt die Partie
völlig.} (28... Qd6 29. Bg5 Qd7 30. Qxd7 Nxd7 31. Bxg8 Kxg8 32. Rd1 Nc5 {
und die Bauern am Damenflügel wiegen die verlorene Qualität mehr als auf.})
29. Bxg7+ $18 Rxg7 30. Rxg7 Qxf7 31. Rxf7 Bg7 32. Rxc7 h5 33. Ra7 Kh7 34. Rxa6
Kg6 35. Rb6 Bf8 36. Rxb5 Bd6 37. h4 Bf4 38. Kg2 Nd7 39. Bf7+ Kf6 40. Bxh5 Ne5
41. Bg4 1-0

[Event "Belgrade Investbank"]
[Site "Belgrade"]
[Date "1989.11.??"]
[Round "11"]
[White "Ljubojevic, Ljubomir"]
[Black "Agdestein, Simen"]
[Result "1-0"]
[WhiteElo "2635"]
[BlackElo "2605"]
[Annotator "Schussler,H"]
[PlyCount "69"]
[EventDate "1989.11.??"]
[EventType "tourn"]
[EventRounds "11"]
[EventCountry "YUG"]
[EventCategory "15"]
[SourceTitle "CBM 016"]
[Source "ChessBase"]
[SourceDate "1990.06.01"]
[SourceVersion "1"]
[SourceVersionDate "1990.06.01"]
[SourceQuality "1"]

1. e4 e5 2. Nf3 Nc6 3. Bb5 a6 4. Ba4 Nf6 5. O-O Be7 6. Re1 b5 7. Bb3 d6 8. c3
O-O 9. h3 Nd7 10. d4 Bf6 11. a4 Rb8 12. axb5 axb5 13. Be3 Ne7 14. Nbd2 (14. d5
Nc5 15. Bc2 c6 16. b4 Na6 17. dxc6 Nxc6 $10 {= (Nunn), Nunn-Karpov, Rotterdam
1989}) 14... Bb7 15. Bc2 c5 16. d5 c4 17. b3 cxb3 18. Nxb3 Qc7 19. Bd3 Bc8 20.
Ra7 Qxc3 21. Qb1 Qb4 22. Qc2 Rb7 23. Rxb7 Bxb7 24. Bd2 Qa4 25. Ra1 Rc8 26. Qb1
Rb8 27. Na5 Bxd5 28. Bb4 Rb6 29. Bc2 Qxa1 30. Qxa1 Be6 31. Qa3 Nc8 32. Bb3 Bd8
33. Bxe6 fxe6 34. Nb3 Be7 35. Qa8 1-0